Nezabúdajúc na prianie doktora Onodyho prezident Sparty Praha a čestný prezident 1. FC Košice Alexander Rezeš dnes oslavuje svoje päťdesiate narodeniny

Bibliographic Details
Main Authors: Kršek, Pavel (ain), Rezeš, Alexander 1948- (Author, uin)
Format: Article
Language:Slovak
Subjects:

MARC

LEADER 00000nab a2200000 a 4500
001 vtls000661474
003 SK-MaSNL
005 20260303043552.0
008 180205c1998 xo 0 slo
015 |a SNBRB1998/07-19289 
035 |a CLN000013663 
040 |a SNKBUCL  |b slo  |c SNKBUCL  |e AACR2 
041 0 |a slo 
044 |a xo  |c SK 
080 |a 796.332.072  |2 UDC-MRF-SK2 
100 1 |a Kršek, Pavel  |4 ain  |9 5925 
245 1 0 |a Nezabúdajúc na prianie doktora Onodyho  |b prezident Sparty Praha a čestný prezident 1. FC Košice Alexander Rezeš dnes oslavuje svoje päťdesiate narodeniny  |c [zhováral sa] Pavel Kršek 
600 1 7 |a Rezeš, Alexander  |d 1948-2002  |2 snkbucl  |9 96272 
655 7 |a články z novín a časopisov  |2 snkbucl  |9 267496 
700 1 |a Rezeš, Alexander  |d 1948-  |4 aut  |4 uin  |9 1031135 
773 0 |t Šport  |g Roč. 52, č. 157 (9.7.1998), s. 21 
850 |a Slovenská národná knižnica v Martine 
852 |a SNK  |b KIS3GCP 
958 |a RBX 
999 |c 1697413  |d 1699343